Europäische Städte mit mehr als 1 Millionen Einwohnern - Sudden Death - Statistiken

Allgemein
  • Dieses Quiz wurde 1.321 mal gespielt
  • Das Durchschnittsergebnis liegt bei 11 aus 25
Answers on the Grid
Answers color-coded by a green-red scale on the quiz's grid according to % correct below.
Amsterdam
Barcelona
Belgrad
Berlin
Birmingham
Budapest
Bukarest
Charkiw
Dnipro
Donezk
Frankfurt am Main
Hamburg
Istanbul
Kiew
Köln
Krakau
Leeds
London
Madrid
Mailand
Marseille
Minsk
Moskau
München
Neapel
Odessa
Paris
Prag
Rom
Sankt Petersburg
Saporischschja
Saragossa
Sevilla
Sofia
Stockholm
Turin
Valencia
Warschau
Wien
Zagreb
 
Antwortstatistiken
Antwort % Korrekt
Berlin
84%
Barcelona
79%
Istanbul
64%
London
64%
Hamburg
61%
Madrid
59%
Moskau
57%
München
57%
Paris
57%
Rom
55%
Köln
49%
Wien
44%
Sankt Petersburg
43%
Kiew
42%
Mailand
42%
Budapest
40%
Birmingham
35%
Prag
33%
Warschau
29%
Belgrad
26%
Bukarest
26%
Minsk
22%
Charkiw
20%
Sofia
12%
Odessa
6%
Keine übereinstimmenden Quizze gefunden
Verteilung der Resultate
Anzahl Personen mit jedem Resultat
Perzentil nach korrekt beantworteten Fragen
Ihre Resultats-Entwicklung
Sie haben dieses Quiz noch nicht gespielt